British vs. American Food Fight Quiz Stats

Quiz Updated Nov 15, 2014

Challenge
Share
Tweet
Score 0/20 Timer 02:00
4 Plays Today
% Correct
Chips
97.2%
Crisps
95.9%
Fish Fingers
95.8%
Candy Floss
94.2%
Ice Lolly
94%
Sweets
93.6%
Jam
93.2%
Porridge
93.1%
Prawns
92%
Jelly
91.5%
% Correct
French Beans
82.9%
Aubergine
72.3%
Coriander
69.8%
Semolina pudding
68.2%
Profiterole
59.2%
Treacle
58.3%
Broad Bean
58.1%
Courgette
56.5%
Swede
33%
Mangetout
30.7%

You're not logged in!

Compare scores with friends on all Sporcle quizzes.
Join for Free
OR
Log In

You Might Also Like...

Show Comments

Extras

Top Quizzes Today


Score Distribution

Your Account Isn't Verified!

In order to create a playlist on Sporcle, you need to verify the email address you used during registration. Go to your Sporcle Settings to finish the process.

Report this User

Report this user for behavior that violates our Community Guidelines.

Details: